[Event "Asia-chT rapid U23 (Women) 5th"]
[Site "Ashkhabad"]
[Date "2017.09.26"]
[Round "5.2"]
[White "Shahudha, Mohammed"]
[Black "Kurbonboeva, Sarvinoz"]
[Result "0-1"]
[WhiteElo "1001"]
[BlackElo "2218"]
[PlyCount "48"]
[EventDate "2017.09.25"]
[EventType "team-swiss (rapid)"]
[EventRounds "5"]
[EventCountry "TKM"]
[SourceTitle "EXT 2018"]
[Source "ChessBase"]
[SourceDate "2017.10.13"]
[SourceVersion "1"]
[SourceVersionDate "2017.10.13"]
[SourceQuality "1"]
[WhiteTeam "Maldives"]
[BlackTeam "Uzbekistan"]
[WhiteTeamCountry "MDV"]
[BlackTeamCountry "UZB"]

1. e4 c5 2. Nc3 g6 3. Bc4 Bg7 4. Qf3 e6 5. Nge2 Nc6 6. 0-0 Ne5 7. Qe3 d6 8. b3 Ne7 9. f4 Nxc4 10. bxc4 0-0 11. e5 dxe5 12. fxe5 Qc7 13. Ne4 Qxe5 14. Rb1 Nf5 15. Qd3 Qc7 16. Bb2 e5 17. g4 Nd4 18. Nxd4 exd4 19. Rf2 Bxg4 20. Rbf1 Rae8 21. Qg3 Qxg3+ 22. hxg3 Rxe4 23. d3 Re3 24. Bc1 Re6 0-1

[Event "Asia-chT rapid U23 (Women) 5th"]
[Site "Ashkhabad"]
[Date "2017.09.25"]
[Round "2.2"]
[White "Atabayeva, Gozel"]
[Black "Shahudha, Mohammed"]
[Result "1-0"]
[WhiteElo "1997"]
[BlackElo "1001"]
[PlyCount "33"]
[EventDate "2017.09.25"]
[EventType "team-swiss (rapid)"]
[EventRounds "5"]
[EventCountry "TKM"]
[SourceTitle "EXT 2018"]
[Source "ChessBase"]
[SourceDate "2017.10.13"]
[SourceVersion "1"]
[SourceVersionDate "2017.10.13"]
[SourceQuality "1"]
[WhiteTeam "Turkmenistan"]
[BlackTeam "Maldives"]
[WhiteTeamCountry "TKM"]
[BlackTeamCountry "MDV"]

1. e4 e5 2. d4 d6 3. Nf3 Nf6 4. dxe5 Nxe4 5. exd6 Bxd6 6. Bd3 Nf6 7. 0-0 0-0 8. h3 c6 9. Bg5 h6 10. Bh4 Nbd7 11. Bf5 Be7 12. Nc3 a6 13. Re1 Re8 14. Qd2 Qc7 15. Rad1 Nc5 16. Bxf6 Bxf6 17. Rxe8# 1-0

[Event "Asian Indoor Games (Women) 5th"]
[Site "Ashkhabad"]
[Date "2017.09.24"]
[Round "7"]
[White "Taweesupmun, Chanida"]
[Black "Shahudha, Mohammed"]
[Result "1-0"]
[WhiteElo "1753"]
[BlackElo "1001"]
[PlyCount "93"]
[EventDate "2017.09.21"]
[EventType "swiss"]
[EventRounds "7"]
[EventCountry "TKM"]
[SourceTitle "CBM 180 Extra"]
[Source "ChessBase"]
[SourceDate "2017.10.06"]
[SourceVersion "1"]
[SourceVersionDate "2017.10.06"]
[SourceQuality "1"]

1. d4 d5 2. c4 e6 3. Nf3 Nc6 4. Nc3 Nf6 5. Bf4 Bd6 6. Bxd6 cxd6 7. cxd5 exd5 8. e3 0-0 9. Be2 Bf5 10. 0-0 h6 11. Ne1 Rc8 12. Bf3 Ne7 13. Qb3 Rb8 14. Nxd5 Be6 15. Nxf6+ gxf6 16. d5 Bd7 17. Nd3 Kh8 18. Qb4 Qc7 19. Rfc1 Qb6 20. Qxb6 axb6 21. Rc7 Rfc8 22. Rxd7 Re8 23. Rxd6 Rg8 24. Rxf6 Rbf8 25. Rxh6+ Kg7 26. Rxb6 Ng6 27. g3 Rh8 28. h4 Rfg8 29. Rc1 Kh7 30. Be4 Rg7 31. Nf4 Rhg8 32. h5 Kh8 33. hxg6 fxg6 34. Kg2 Re7 35. Nxg6+ Kg7 36. Nxe7 Re8 37. d6 Kf6 38. Rh1 Ke5 39. Bg6 Rd8 40. Rh5+ Ke6 41. Bf5+ Kf7 42. Nd5 Rb8 43. d7 Kf8 44. Rh8+ Kf7 45. Rf6+ Kg7 46. Rh7+ Kg8 47. Ne7# 1-0

[Event "Asian Indoor Games (Women) 5th"]
[Site "Ashkhabad"]
[Date "2017.09.21"]
[Round "2"]
[White "Omurbekova, Diana"]
[Black "Shahudha, Mohammed"]
[Result "1-0"]
[WhiteElo "1832"]
[BlackElo "1001"]
[PlyCount "55"]
[EventDate "2017.09.21"]
[EventType "swiss"]
[EventRounds "7"]
[EventCountry "TKM"]
[SourceTitle "CBM 180 Extra"]
[Source "ChessBase"]
[SourceDate "2017.10.06"]
[SourceVersion "1"]
[SourceVersionDate "2017.10.06"]
[SourceQuality "1"]

1. e4 e5 2. Nf3 Nc6 3. Bb5 Bc5 4. 0-0 Nf6 5. d3 0-0 6. Bxc6 dxc6 7. Nxe5 Bd6 8. Nf3 Ng4 9. d4 Be7 10. e5 Be6 11. h3 Nh6 12. Bxh6 gxh6 13. Nh2 Kg7 14. f4 Qd5 15. f5 Bxf5 16. Rxf5 Kh8 17. Nc3 Qe6 18. Qf3 Rg8 19. Rxf7 Raf8 20. Rxf8 Bxf8 21. Rf1 Qg6 22. Qf6+ Qg7 23. Ng4 c5 24. d5 h5 25. Qxg7+ Bxg7 26. Nf6 Rf8 27. Nce4 c4 28. e6 1-0

[Event "Olympiad Women-42"]
[Site "Baku"]
[Date "2016.09.03"]
[Round "2.63"]
[White "Shahudha, Mohammed"]
[Black "Hernandez, Bera"]
[Result "0-1"]
[WhiteElo "1022"]
[BlackElo "1808"]
[PlyCount "42"]
[EventDate "2016.09.02"]
[EventType "team-swiss"]
[EventRounds "11"]
[EventCountry "AZE"]
[SourceTitle "CBM 174 Extra"]
[Source "ChessBase"]
[SourceDate "2016.10.10"]
[SourceVersion "1"]
[SourceVersionDate "2016.10.10"]
[SourceQuality "1"]
[WhiteTeam "Maldives (W)"]
[BlackTeam "El Salvador (W)"]
[WhiteTeamCountry "MDV"]
[BlackTeamCountry "ESA"]

1. e4 e5 2. Nf3 Nc6 3. Bc4 Bc5 4. 0-0 Nf6 5. Nc3 d6 6. Ng5 0-0 7. d3 h6 8. Nf3 Bg4 9. h3 Bh5 10. Qe1 Bxf3 11. gxf3 Nd4 12. Qe3 Nxc2 13. Qd2 Nxa1 14. b3 Nh5 15. Qb2 Nxb3 16. Qxb3 Qh4 17. Nd1 Qxh3 18. f4 Ng3 19. Bxf7+ Rxf7 20. Qxf7+ Kxf7 21. Ne3 Qh1# 0-1